| Tag |
First Indicator |
Second Indicator |
Subfields |
| LEADER |
00000cam a2200000Ia 4500 |
| 001 |
in00002013313 |
| 005 |
20151031151219.0 |
| 008 |
880201s1987 maua bm 000 0 eng d |
| 035 |
|
|
|a (OCoLC)ocm17417562
|
| 040 |
|
|
|a FQR
|c FQR
|d OCLCQ
|d UtOrBLW
|
| 049 |
|
|
|a TXAM
|
| 090 |
|
|
|a GC1
|b .W582 no.87-7
|
| 100 |
1 |
|
|a Blumenthal, Martin Benno.
|
| 245 |
1 |
0 |
|a Interpretation of equatorial current meter data as internal waves /
|c by Martin Benno Blumenthal.
|
| 264 |
|
1 |
|a Woods Hole, Mass. :
|b Woods Hole Oceanographic Institution [1987]
|c [date of publication not identified]
|
| 300 |
|
|
|a 381 pages :
|b illustrations ;
|c 28 cm.
|
| 336 |
|
|
|a text
|b txt
|2 rdacontent
|
| 337 |
|
|
|a unmediated
|b n
|2 rdamedia
|
| 338 |
|
|
|a volume
|b nc
|2 rdacarrier
|
| 490 |
1 |
|
|a WHOI / Woods Hole Oceanographic Institution ;
|v 87-7.
|a Doctoral dissertation
|
| 500 |
|
|
|a "January 1987."
|
| 502 |
|
|
|b Ph. D.
|c Massachusetts Institute of Technology and Woods Hole Oceanographic Institution
|d 1987.
|
| 504 |
|
|
|a Includes bibliographical references (pages 376-381).
|
| 650 |
|
0 |
|a Internal waves.
|
| 650 |
|
0 |
|a Ocean waves.
|
| 830 |
|
0 |
|a Woods Hole Oceanographic Institution (Series) ;
|v 87-7.
|
| 830 |
|
0 |
|a Woods Hole Oceanographic Institution (Series).
|p Doctoral dissertation.
|
| 994 |
|
|
|a C0
|b TXA
|
| 948 |
|
|
|a cataloged
|b h
|c 2004/12/9
|d c
|e blrosas
|f 1:13:40 pm
|
| 999 |
|
|
|a MARS
|
| 999 |
f |
f |
|s 21f5e6b1-ca72-3d7e-9ca3-b16365e86771
|i 34f128d1-5eb7-338e-affd-ade6b0149857
|t 0
|
| 952 |
f |
f |
|p ric
|a Texas A&M University
|b Rellis Campus
|c Joint Library Facility
|d Remote Storage
|t 0
|e GC1 .W582 no.87-7
|h Library of Congress classification
|i unmediated -- volume
|m A14831663650
|
| 998 |
f |
f |
|a GC1 .W582 no.87-7
|t 0
|l Remote Storage
|